[Event "Belgrade op"]
[Site "Belgrade"]
[Date "2009.12.01"]
[Round "8"]
[White "Skoric, Branko"]
[Black "Perunovic, Ljubivoje"]
[Result "1/2-1/2"]
[WhiteElo "1928"]
[BlackElo "2064"]
[PlyCount "109"]
[EventDate "2009.11.24"]
[EventType "swiss"]
[EventRounds "9"]
[EventCountry "YUG"]
[SourceTitle "CBM 133 Extra"]
[Source "ChessBase"]
[SourceDate "2010.01.05"]
[SourceVersion "1"]
[SourceVersionDate "2010.01.05"]
[SourceQuality "1"]

1. e4 Nf6 2. Nc3 d5 3. e5 Nfd7 4. d4 e6 5. Nf3 c5 6. Nb5 Qb6 7. c3 a6 8. dxc5 Bxc5 9. Nbd4 Nc6 10. Be2 Ndxe5 11. 0-0 0-0 12. Nb3 Bd6 13. h3 Nxf3+ 14. Bxf3 Bd7 15. Be3 Qc7 16. Re1 Ne5 17. Be2 Nc4 18. Bc1 b5 19. Qd4 Bc6 20. Qh4 Ne5 21. Nd4 Bd7 22. Bd2 Ng6 23. Qh5 Nf4 24. Bxf4 Bxf4 25. Bd3 g6 26. Qh4 Be5 27. Nf3 Bg7 28. Re3 Rfe8 29. Rae1 a5 30. Ng5 h6 31. Nf3 Rab8 32. a3 Qd6 33. Ne5 Bxe5 34. Rxe5 Kg7 35. Qd4 f6 36. Qg4 f5 37. Qd4 Kh7 38. R1e3 b4 39. axb4 axb4 40. g4 bxc3 41. bxc3 Ra8 42. Re1 Ra4 43. c4 Qc7 44. gxf5 gxf5 45. Bxf5+ exf5 46. Re7+ Kg6 47. Qg7+ Kh5 48. Qf7+ Kh4 49. Rxe8 Qf4 50. Qf6+ Qg5+ 51. Qxg5+ Kxg5 52. Rg8+ Kf4 53. cxd5 Rd4 54. Rh8 Kg5 55. Rg8+ 1/2-1/2

[Event "Belgrade op"]
[Site "Belgrade"]
[Date "2009.11.27"]
[Round "4"]
[White "Skoric, Branko"]
[Black "Rodic, Dragan"]
[Result "0-1"]
[WhiteElo "1928"]
[BlackElo "2108"]
[PlyCount "41"]
[EventDate "2009.11.24"]
[EventType "swiss"]
[EventRounds "9"]
[EventCountry "YUG"]
[SourceTitle "CBM 133 Extra"]
[Source "ChessBase"]
[SourceDate "2010.01.05"]
[SourceVersion "1"]
[SourceVersionDate "2010.01.05"]
[SourceQuality "1"]

1. e4 c5 2. c3 e6 3. d4 cxd4 4. cxd4 d5 5. exd5 exd5 6. Nf3 Bb4+ 7. Nc3 Nf6 8. Bb5+ Bd7 9. Bxd7+ Nbxd7 10. 0-0 0-0 11. Bg5 Bxc3 12. bxc3 Qc7 13. Bxf6 Nxf6 14. Qb3 Rac8 15. h3 b6 16. Qa4 Ne4 17. Rfe1 Nxc3 18. Qa3 Ne4 19. Ne5 Qc3 20. Qxc3 Nxc3 21. Rac1 0-1

[Event "Belgrade Trophy 21st"]
[Site "Obrenovac"]
[Date "2008.11.30"]
[Round "4"]
[White "Skoric, Branko"]
[Black "Illijin, Neboisa"]
[Result "0-1"]
[WhiteElo "1949"]
[BlackElo "2256"]
[PlyCount "120"]
[EventDate "2008.11.27"]
[EventType "swiss"]
[EventRounds "9"]
[EventCountry "YUG"]
[SourceTitle "CBM 127 Extra"]
[Source "ChessBase"]
[SourceDate "2009.01.08"]
[SourceVersion "2"]
[SourceVersionDate "2009.01.28"]
[SourceQuality "1"]

1. e4 c5 2. c3 d5 3. exd5 Qxd5 4. d4 Nf6 5. Nf3 e6 6. Be3 cxd4 7. cxd4 Nc6 8. Nc3 Qa5 9. Bd3 Be7 10. 0-0 0-0 11. h3 a6 12. Rc1 Rd8 13. Qe2 Bd7 14. Nd2 b5 15. Nb3 Qc7 16. Qf3 Be8 17. Rfd1 Rac8 18. Ne4 Nxe4 19. Qxe4 g6 20. Nc5 Bxc5 21. Rxc5 Qd7 22. Qh4 f5 23. a4 Nb4 24. Be2 Nd5 25. Bg5 Rxc5 26. dxc5 Rc8 27. axb5 axb5 28. b4 Qg7 29. Bf3 Bc6 30. Re1 Kf7 31. Bd2 Ra8 32. Bxd5 Bxd5 33. Qg3 Qf6 34. c6 f4 35. Bxf4 e5 36. Bxe5 Qxc6 37. Qf4+ Kg8 38. Rc1 Bc4 39. Rd1 Rf8 40. Qh6 Qb7 41. Rd6 Qf7 42. f4 Re8 43. Rc6 Be6 44. h4 Qf8 45. Qg5 Qf5 46. Qh6 Qf8 47. Qg5 Qf5 48. Qg3 Ra8 49. Qe3 Ra1+ 50. Kh2 Qg4 51. Qg3 Rh1+ 52. Kxh1 Qxg3 53. Rxe6 Qxh4+ 54. Kg1 Qe1+ 55. Kh2 Qxb4 56. Rb6 Qc4 57. Rb8+ Kf7 58. Rb7+ Ke6 59. Rxh7 b4 60. Rg7 Qd3 0-1